000 00416nam a2200169 a 4500
001 0000-8610
003 ELIB.Books
008 110520 1982
035 _a(ELIB.Books)0000-8756
082 _a230
_bWea
100 _aWeatherhead, Leslie D.
245 _aThe will of God
260 _bNashville: Abingdon Press
_c1982
650 _aTheology
942 _2ddc
_cBK
998 _cbat
_e2011-05-20
999 _c8610
_d8610